Are you ready? (Record no. 81712)

MARC details
000 -LEADER
fixed length control field 01113cad a22002415a 4500
001 - CONTROL NUMBER
control field E148062
008 - FIXED-LENGTH DATA ELEMENTS--GENERAL INFORMATION
fixed length control field 090720s2009 xxk 000 0 eng u
035 ## - SYSTEM CONTROL NUMBER
System control number (Sirsi) u148062
041 0# - LANGUAGE CODE
Language code of text/sound track or separate title eng
100 1# - MAIN ENTRY--PERSONAL NAME
Personal name Russell-Croucher, Martin
245 00 - TITLE STATEMENT
Title Are you ready?
Medium [electronic resource]
260 ## - PUBLICATION, DISTRIBUTION, ETC.
Date of publication, distribution, etc. 2009
490 #4 - SERIES STATEMENT
Series statement The Journal
-- RICS Building Surveying Journal
Volume/sequential designation July/August 2009, 8-9(2)
520 ## - SUMMARY, ETC.
Summary, etc. Discusses UK and EU energy initiatives such as EPCs, the Heat and Energy Saving Strategy and the Carbon Emissions Reduction Target, and discusses how these will affect members
590 ## - LOCAL NOTE (RLIN)
Local note KA
650 24 - SUBJECT ADDED ENTRY--TOPICAL TERM
Topical term or geographic name entry element ENERGY PERFORMANCE CERTIFICATES
650 24 - SUBJECT ADDED ENTRY--TOPICAL TERM
Topical term or geographic name entry element CLIMATE CHANGE ACT 2008
651 #4 - SUBJECT ADDED ENTRY--GEOGRAPHIC NAME
Geographic name United Kingdom
Chronological subdivision
690 ## - LOCAL SUBJECT ADDED ENTRY--TOPICAL TERM (OCLC, RLIN)
Topical term or geographic name as entry element ENVIRONMENTAL AND LAND CONSULTANCY-ENERGY-ENERGY USE-ENERGY EFFICIENCY
856 41 - ELECTRONIC LOCATION AND ACCESS
Uniform Resource Identifier <a href="https://www.rics.org/RICSWEB/getpage.aspx?p=vW18Yn30OU-8GBwsEgVPnA">https://www.rics.org/RICSWEB/getpage.aspx?p=vW18Yn30OU-8GBwsEgVPnA</a>
Public note View the article free of charge (member-only content) at www.rics.org...
856 48 - ELECTRONIC LOCATION AND ACCESS
Uniform Resource Identifier <a href="https://www.rics.org/site/scripts/download_info.aspx?downloadID=2712">https://www.rics.org/site/scripts/download_info.aspx?downloadID=2712</a>
Public note View the report free of charge at www.rics.org...
942 ## - ADDED ENTRY ELEMENTS (KOHA)
Suppress in OPAC 0
Holdings
Withdrawn status Lost status Source of classification or shelving scheme Damaged status Not for loan Home library Current library Shelving location Date acquired Total Checkouts Full call number Barcode Date last seen Copy number Price effective from Koha item type
    Dewey Decimal Classification     Virtual Virtual Online 20/07/2009   ONLINE PUBLICATION 148062-2001 06/08/2019 1 06/08/2019 Journal article